परिवर्तनाचे (Record no. 37559)

MARC details
000 -LEADER
fixed length control field 00409nam a2200169Ia 4500
008 - FIXED-LENGTH DATA ELEMENTS--GENERAL INFORMATION
fixed length control field 220531s9999 xx 000 0 und d
041 ## - LANGUAGE CODE
Language code of text/sound track or separate title mar
100 ## - MAIN ENTRY--PERSONAL NAME
Personal name वै भा.
9 (RLIN) 66467
245 ## - TITLE STATEMENT
Title परिवर्तनाचे
250 ## - EDITION STATEMENT
Edition statement 1ST
260 ## - PUBLICATION, DISTRIBUTION, ETC. (IMPRINT)
Place of publication, distribution, etc. Pune
Name of publisher, distributor, etc. Sugava
Date of publication, distribution, etc. 2014
300 ## - PHYSICAL DESCRIPTION
Extent 224
542 ## - INFORMATION RELATING TO COPYRIGHT STATUS
Copyright holder 17-07-2014
650 ## - SUBJECT ADDED ENTRY--TOPICAL TERM
Topical term or geographic name as entry element General
9 (RLIN) 66468
906 ## - LOCAL DATA ELEMENT F, LDF (RLIN)
d 2014-2015
f 592
Holdings
Withdrawn status Lost status Source of classification or shelving scheme Damaged status Not for loan Collection code Home library Current library Date acquired Vendor Cost, normal purchase price Total Checkouts Total Holds Full call number Barcode Date last seen Bill Date Koha item type Original Barcode
    Dewey Decimal Classification       Shri Siddhivinayak Mahila Mahavidyalaya Shri Siddhivinayak Mahila Mahavidyalaya 17/07/2014 Tribhuwansir 200.00   1 /-/B/18927 SSMM-BK-18927 06/08/2022 06/08/2022 Books 010018927